[Event "Leamington Spa 4NCL op-C 28th"]
[Site "Leamington Spa"]
[Date "2022.07.10"]
[Round "4"]
[White "Wallman, James"]
[Black "Hylands, Keith"]
[Result "1-0"]
[WhiteElo "1530"]
[BlackElo "1397"]
[PlyCount "91"]
[EventDate "2022.07.08"]
[EventType "swiss"]
[EventRounds "5"]
[EventCountry "ENG"]
[SourceTitle "CBM 209 Extra"]
[Source "ChessBase"]
[SourceDate "2022.09.30"]
[SourceVersion "1"]
[SourceVersionDate "2022.09.30"]
[SourceQuality "1"]

1. e4 e6 2. d4 d5 3. e5 c5 4. c3 Ne7 5. Bd3 Ng6 6. Bxg6 fxg6 7. Nf3 Nc6 8. Be3 Ne7 9. dxc5 Nf5 10. 0-0 Nxe3 11. fxe3 Bxc5 12. Nd4 Bxd4 13. exd4 Qc7 14. Nd2 Bd7 15. Qe2 Rf8 16. Nf3 Rf5 17. Qe3 Kf8 18. Rf2 Kg8 19. b3 Raf8 20. a4 a5 21. Raf1 b6 22. Qd3 Rc8 23. Rc1 Qd8 24. Qd2 Bc6 25. Qd3 Qe7 26. Rfc2 Rb8 27. Qe3 b5 28. axb5 Bxb5 29. Ra1 Ra8 30. c4 Bc6 31. c5 Rff8 32. Rca2 Qc7 33. Ng5 Rfe8 34. Qd2 h6 35. Nf3 Reb8 36. Qc2 Rb4 37. Qxg6 Qf7 38. Qc2 Qf4 39. Rxa5 Rxa5 40. Rxa5 Qe3+ 41. Kh1 Rxb3 42. Ra1 Bb5 43. h3 Qd3 44. Qa2 Bc4 45. c6 Rb6 46. Qa8+ 1-0

[Event "BCF-chT4S 1920 (4NCL)"]
[Site "England"]
[Date "2020.01.12"]
[Round "4.142"]
[White "Ford, Conor"]
[Black "Hylands, Keith"]
[Result "1-0"]
[WhiteElo "1315"]
[BlackElo "1397"]
[PlyCount "75"]
[EventDate "2019.11.09"]
[EventType "team-swiss"]
[EventRounds "11"]
[EventCountry "ENG"]
[SourceTitle "EXT 2022"]
[Source "ChessBase"]
[SourceDate "2021.10.06"]
[SourceVersion "1"]
[SourceVersionDate "2021.10.06"]
[SourceQuality "1"]
[WhiteTeam "Barnet Knights IV"]
[BlackTeam "Watford II"]
[WhiteTeamCountry "ENG"]
[BlackTeamCountry "ENG"]

1. d4 d5 2. e3 e6 3. Bd3 Nf6 4. Nd2 Bd6 5. f4 Nbd7 6. Ngf3 c5 7. c3 c4 8. Bc2 Nf8 9. 0-0 Ng6 10. Ne5 Bc7 11. Ndf3 Nd7 12. Nxd7 Bxd7 13. Ne5 f5 14. Rb1 Bxe5 15. fxe5 b6 16. b3 Bb5 17. bxc4 Bxc4 18. Ba4+ Kf8 19. Rf3 Bxa2 20. Rb2 Bc4 21. Qe1 a6 22. g4 Ne7 23. gxf5 Nxf5 24. Bc2 g6 25. e4 dxe4 26. Bxe4 Bd5 27. Bxd5 Qxd5 28. Rbf2 h5 29. Qd2 Kg7 30. Qg5 Raf8 31. Rg2 Rh6 32. Rxf5 Rxf5 33. Qxh6+ Kf7 34. Qxg6+ Ke7 35. Qh7+ Ke8 36. Rg8+ Rf8 37. Rxf8+ Kxf8 38. Ba3+ 1-0